Datum a čas kvízu
7.5
Celkem bodů
Celkový počet nahraných bodů na tomto kvízu bez doplňovacích otázek.
2.
Pořadí na kvízu
Konečné umístění týmu na tomto kvízu.
Zaznamenané odpovědi
| # | Otázka | Odpověď | Body | Výsledky |
|---|---|---|---|---|
| 1. | Za zmanipulování televizní hry... | 0 | ||
| 2. | Americký astronaut Andrew Feus... | 0 | ||
| 3. | Vražda na předpis. Tak se jmen... | 0 | ||
| 4. | Která společnost hodlá v nejbl... | 0 | ||
| 5. | Napište výsledek sobotního utk... | 0 | ||
| 6. | Jistě se mezi Vámi najde mnoho... | 1 | ||
| 7. | Vodák, který jede na lodi vzad... | 1 | ||
| 8. | Silný provaz, který se dá využ... | 0 | ||
| 9. | Část řeky, kde voda teče velmi... | 1 | ||
| 10. | Kanoistům se mezi vrcholovými... | 0 |